Normal view
MARC view
- Evraiff, William,
Entry Nombre Personal
001 - NUMERO DE CONTROL
- campo de control: 49986
003 - IDENTIFICADOR DE NUMERO DE CONTROL
- campo de control: DLC
005 - FECHA Y HORA DE LA ÜLTIMA TRANSACCIÓN
- campo de control: 20230913203505.0
008 - DATOS DE LONGITUD FIJA
- campo de control de longitud fija: 170324nn acnnnaabn |n aaa c
010 ## - NÚMERO DE CONTROL DE LA BIBLIOTECA DEL CONGRESO
- Número de control LC: no2017037307
035 ## - NUMERO DE CONTROL
- Número de control: (OCoLC)oca10744398
040 ## - FUENTE DE CATALOGACIÓN
- Agencia original de catalogación: OkU
- Lenguaje de catalogación: spa
- Description conventions: rda
- Agencia de transcripción: OkU
- Agencia que lo modifica: MX-MxUPN
046 ## - FECHAS CON CODIFICACIÓN ESPECIAL
- Fecha de nacimiento: 1924-01-30
- Fuente del formato de fecha: edtf
100 1# - ENCABEZAMIENTO - NOMBRE PERSONAL
- Nombre personal: Evraiff, William,
- Fechas asociadas con el nombre: 1924-
670 ## - FUENTE EN LA QUE SE LOCALIZARON DATOS
- Cita de la fuente: The role of the teacher in guidance, 1959:
- Información localizada: portada (William Evraiff, associate professor of education, Department of Guidance and Counseling, Wayne State University)
670 ## - FUENTE EN LA QUE SE LOCALIZARON DATOS
- Cita de la fuente: Who's who in America, v. 47 (1990/1991):
- Información localizada: (William Evraiff, b. Jan. 30, 1924)
670 ## - FUENTE EN LA QUE SE LOCALIZARON DATOS
- Cita de la fuente: El maestro y la orientación del niño, 1973 :
- Información localizada: portada (William Evraiff)
902 ## - CATALOGADOR
- Catalogador: VíctorGodínez/130923
